Sports Quiz

Random Sports or WWE Quiz

WWF/WWE PPV Opponents of Randy Savage Quiz Stats

 Plays Quiz Updated Mar 10, 2016

Challenge
Share
Tweet
Embed
Score 0/50 Timer 10:00
7 Plays Today
Event Wrestler % Correct
Royal Rumble 1989Hulk Hogan
98.2%
WrestleMania VHulk Hogan
98.2%
SummerSlam 1989Hulk Hogan
98.2%
No Holds Barred: The Match/The MovieHulk Hogan
98.2%
WrestleMania VIIThe Ultimate Warrior
83.1%
SummerSlam 1992The Ultimate Warrior
83.1%
Royal Rumble 1992Sid Justice and Ric Flair
81.3%
WrestleMania VIIIRic Flair
81.2%
Survivor Series 1992Ric Flair
81.2%
The Wrestling ClassicRicky Steamboat
77.7%
WrestleMania IIIRicky Steamboat
77.7%
WrestleMania IVTed DiBiase
77.5%
SummerSlam 1988Ted DiBiase
77.5%
Survivor Series 1988Ted DiBiase
77.5%
Survivor Series 1989Bret 'Hitman' Hart
75.2%
SummerSlam 1988Andre the Giant
72.5%
This Tuesday in TexasJake 'The Snake' Roberts
69%
Royal Rumble 1993Yokozuna
62.2%
SummerSlam 1989Brutus Beefcake
60%
No Holds Barred: The Match/The MovieBrutus Beefcake
60%
Royal Rumble 1990Dusty Rhodes
57.6%
WrestleMania VIDusty Rhodes
57.6%
SummerSlam 1990Dusty Rhodes
57.6%
WrestleMania 2George 'The Animal' Steele
57.5%
Survivor Series 1992Razor Ramon
55.2%
Event Wrestler % Correct
WrestleMania XCrush
54.3%
Royal Rumble 1994Crush
54.3%
Survivor Series 1988Big Boss Man
54.1%
WrestleMania IVOne Man Gang
53.1%
Survivor Series 1988Akeem
53.1%
WrestleMania IVGreg Valentine
52.5%
Survivor Series 1987The Honky Tonk Man
48.5%
Survivor Series 1989'Hacksaw' Jim Duggan
47.3%
The Wrestling ClassicJunkyard Dog
43.4%
Survivor Series 1993Rick Martel
42.9%
Survivor Series 1993Irwin R. Schyster
40.8%
Survivor Series 1988Haku
40.3%
WrestleMania VISapphire
40.1%
Survivor Series 1987Hercules
38.7%
Survivor Series 1989Hercules
38.7%
Survivor Series 1993Diesel
36.8%
WrestleMania IVButch Reed
35.5%
Survivor Series 1988The Red Rooster
28.3%
Survivor Series 1987Harley Race
28.2%
Survivor Series 1987Danny Davis
22.5%
Survivor Series 1987Ron Bass
22.2%
The Wrestling ClassicDynamite Kid
21.9%
Survivor Series 1989Ronnie Garvin
20.4%
Survivor Series 1993Adam Bomb
17.7%
The Wrestling ClassicIvan Putski
11.8%

You're not logged in!

Compare scores with friends on all Sporcle quizzes.
Join for Free
OR
Log In

You Might Also Like...

Show Comments

Extras

Top Quizzes Today


Score Distribution

Your Account Isn't Verified!

In order to create a playlist on Sporcle, you need to verify the email address you used during registration. Go to your Sporcle Settings to finish the process.

Report this User

Report this user for behavior that violates our Community Guidelines.

Details: